| Tag |
First Indicator |
Second Indicator |
Subfields |
| LEADER |
00000cim a2200000Ia 4500 |
| 001 |
in00002394867 |
| 005 |
20180425135217.0 |
| 007 |
sd fungnn|||ed |
| 008 |
060123s2005 nyunnn d j per d |
| 019 |
|
|
|a 149265170
|
| 020 |
|
|
|a 0743544838
|
| 020 |
|
|
|a 9780743544832
|
| 035 |
|
|
|a (OCoLC)ocm63131231
|
| 035 |
|
|
|a (OCoLC)63131231
|z (OCoLC)149265170
|
| 040 |
|
|
|a IAM
|c IAM
|d BAKER
|d BTCTA
|d YDXCP
|d TXA
|d UtOrBLW
|
| 041 |
0 |
|
|a eng
|a per
|
| 049 |
|
|
|a TXAM
|
| 090 |
|
|
|a PK6235.5
|b .F36 2005
|
| 245 |
0 |
0 |
|a Farsi (Persian).
|
| 246 |
1 |
|
|i At head of title:
|a Simon & Schuster's Pimsleur
|
| 246 |
3 |
|
|a Simon and Schuster's Pimsleur Farsi (Persian)
|
| 246 |
3 |
|
|a Simon & Schuster's Pimsleur Persian
|
| 246 |
3 |
|
|a Simon and Schuster's Pimsleur Persian
|
| 246 |
3 |
|
|a Pimsleur Farsi (Persian)
|
| 246 |
3 |
|
|a Pimsleur Persian
|
| 264 |
|
1 |
|a New York :
|b Simon and Schuster Audio,
|c [2005]
|
| 264 |
|
4 |
|c ℗2005
|
| 300 |
|
|
|a 16 sound discs :
|b digital ;
|c 4 3/4 in. . +
|e 1 user's guide (10 pages ; 12 cm.) + 1 reading booklet (30 pages ; 21 cm.).
|
| 336 |
|
|
|a spoken word
|b spw
|2 rdacontent
|
| 337 |
|
|
|a audio
|b s
|2 rdamedia
|
| 338 |
|
|
|a audio disc
|b sd
|2 rdacarrier
|
| 490 |
1 |
|
|a Pimsleur language programs
|
| 511 |
0 |
|
|a Instructors: Ray Brown, Shirin Shams, Manoucher Madanipour.
|
| 508 |
|
|
|a Course writers: Delaram Soltani, Joan Schoellner.
|
| 500 |
|
|
|a In container (33 cm.).
|
| 500 |
|
|
|a Compact discs.
|
| 500 |
|
|
|a Sound recording.
|
| 650 |
|
0 |
|a Persian language
|v Self-instruction.
|
| 650 |
|
0 |
|a Persian language
|v Sound recordings for English speakers.
|
| 650 |
|
0 |
|a Persian language
|x Spoken Persian
|v Self-instruction.
|
| 700 |
1 |
|
|a Brown, Ray.
|
| 700 |
1 |
|
|a Shams, Shirin.
|
| 700 |
1 |
|
|a Madanipour, Manoucher.
|
| 710 |
2 |
|
|a Simon & Schuster Audio (Firm)
|
| 710 |
2 |
|
|a Pimsleur (Firm)
|
| 830 |
|
0 |
|a Pimsleur language programs.
|
| 994 |
|
|
|a C0
|b TXA
|
| 948 |
|
|
|a cataloged
|b h
|c 2008/6/13
|d c
|e blrosas
|f 11:54:51 am
|
| 999 |
|
|
|a MARS
|
| 999 |
f |
f |
|s dbe6b67e-774a-32f8-a025-149fd204bdf2
|i 9bb7b164-c9a8-34e6-93b3-1ce904ac5fca
|t 0
|
| 952 |
f |
f |
|p normal
|a Texas A&M University
|b College Station
|c Sterling C. Evans Library
|s Evans stk
|d Evans: Library Stacks
|t 0
|e PK6235.5 .F36 2005
|h Library of Congress classification
|i audio -- audio disc
|m A14838872501
|
| 998 |
f |
f |
|a PK6235.5 .F36 2005
|t 0
|l Evans: Library Stacks
|